Equity Management of the Tourism Sector Enterprises in the Slovak Republic

Skúmanie primeranosti vlastných zdrojov potrebných na financovanie svojich aktivít v sektore cestovného ruchu v Slovenskej republike na základe ukazovateľov zadlženosti, konkrétne celkovej zadĺženosti a stupňa samofinancovania, pričom sa okrajovo analyzuje vplyv COVID-19 v sektore cestovného ruchu n...

Full description

Saved in:
Bibliographic Details
Main Author: Tasáryová, Katarína, 1995-
Other Authors: Pakšiová, Renáta, 1974-
Format: Book Chapter
Language:English
Subjects:
Tags: Add Tag
No Tags, Be the first to tag this record!

MARC

LEADER 00000naa$a2200000$$$4500
001 0276968
005 20240502083839.8
041 0 |a eng 
044 |a RS 
245 1 0 |a Equity Management of the Tourism Sector Enterprises in the Slovak Republic  |c Katarína Tasáryová, Renáta Pakšiová 
520 |a Skúmanie primeranosti vlastných zdrojov potrebných na financovanie svojich aktivít v sektore cestovného ruchu v Slovenskej republike na základe ukazovateľov zadlženosti, konkrétne celkovej zadĺženosti a stupňa samofinancovania, pričom sa okrajovo analyzuje vplyv COVID-19 v sektore cestovného ruchu na Slovensku. 
610 2 0 |a koronavírus 
610 2 0 |a zadlženosť 
610 2 0 |a dlhy 
610 2 0 |a ruch cestovný 
610 2 0 |a strata 
610 2 0 |a zisk 
100 1 |a Tasáryová, Katarína, 1995- 
700 1 |a Pakšiová, Renáta, 1974-